English with ease

Tallennettuna:
Bibliografiset tiedot
Päätekijä: Dierdre Wolownick Honnold
Aineistotyyppi: Kirja
Kieli:Undetermined
Julkaistu: California Wordweights International 1994
Aiheet:
Tagit: Lisää tagi
Ei tageja, Lisää ensimmäinen tagi!
Thư viện lưu trữ: Trung tâm Học liệu Trường Đại học Cần Thơ
LEADER 00519nam a2200181Ia 4500
001 CTU_18735
008 210402s9999 xx 000 0 und d
082 |a 420.7 
082 |b H760 
100 |a Dierdre Wolownick Honnold 
245 0 |a English with ease 
245 0 |c Dierdre Wolownick Honnold 
260 |a California 
260 |b Wordweights International 
260 |c 1994 
650 |a english language 
904 |i Nguyễn Quang Điền, 970926 
980 |a Trung tâm Học liệu Trường Đại học Cần Thơ